Estatísticas para Formas de país no mapa mundial #4 - arrancada um minuto

Clique aqui para jogar o quiz

Estatísticas Gerais

  • Esse quiz foi jogado 48 vezes
  • A pontuação média é 16 de 20

Respostas no mapa

Respostas codificadas por cores de uma escala verde-vermelha no mapa do quiz de acordo com a % correta abaixo.
 

Estatísticas das Respostas

país% Correto
Argentina
100%
Estados Unidos
97%
França
95%
Peru
95%
Marrocos
87%
Egito
85%
Níger
82%
Ucrânia
82%
Coréia do Sul
79%
Chéquia
77%
Filipinas
77%
Sérvia
72%
Guiné
69%
Malásia
69%
Iraque
67%
Quênia
67%
Zimbábue
67%
Butão
64%
Gabão
62%
Turquemenistão
62%

Distribuição das Pontuações

Percentil de Números Respondidos

Porcentagem de Pessoas com Cada Pontuação

Sua Pontuação Histórica

Você não jogou esse quiz